[Event "World-ch Carlsen-Anand +3-1=7"]
[Site "Sochi"]
[Date "2014.11.17"]
[Round "7"]
[White "Carlsen, Magnus"]
[Black "Anand, Viswanathan"]
[Result "1/2-1/2"]
[WhiteElo "2863"]
[BlackElo "2792"]
[Annotator "Kasimdzhanov,Rustam"]
[PlyCount "243"]
[EventDate "2014.11.08"]
[EventType "match"]
[EventRounds "12"]
[EventCountry "RUS"]
[SourceTitle "CBM 164"]
[Source "ChessBase"]
[SourceDate "2015.01.15"]
[SourceVersion "1"]
[SourceVersionDate "2015.01.15"]
[SourceQuality "1"]

1. e4 {[%emt 0:00:04]} e5 {[%emt 0:00:09]} 2. Nf3 {[%emt 0:00:05]} Nc6 {[%emt 0:00:05]} 3. Bb5 {[%emt 0:00:09]} Nf6 {[%emt 0:00:05]} 4. O-O {[%emt 0:00:10]} Nxe4 {[%emt 0:00:06]} 5. d4 {[%emt 0:00:06] After a very sucessful Anti-Berlin in game 2, Magnus switches to the main line.} Nd6 {[%emt 0:00:07]} 6. Bxc6 {[%emt 0:00:15]} dxc6 {[%emt 0:00:05]} 7. dxe5 {[%emt 0:00:12]} Nf5 {[%emt 0:00:07]} 8. Qxd8+ {[%emt 0:00:09]} Kxd8 {[%emt 0:00:06]} 9. h3 {[%emt 0:00:09]} Ke8 {[%emt 0:00:19]} 10. Nc3 {[%emt 0:03:15]} h5 {[%emt 0:00:09]} 11. Bf4 {[%emt 0:01:20]} Be7 {[%emt 0:00:16]} 12. Rad1 {[%emt 0:02:15]} Be6 {[%emt 0:01:04] The very main line these days; Black is solid, but does not usually get many chances to win the game, and has to know his defences quite exactly.} 13. Ng5 {[%emt 0:00:57]} Rh6 {[%emt 0:00:52]} 14. g3 {[%emt 0:01:30]} (14. Rfe1 {is the main alternative, played by Vishy himself. Black had to suffer to get a draw after} Bb4 15. g4 hxg4 16. hxg4 Ne7 17. Nxe6 Rxe6 18. Kg2 Bxc3 19. bxc3 Rd8 20. Rxd8+ Kxd8 21. Rh1 Nd5 22. Bg3 g5 23. c4 Nc3 24. Kf3 Rg6 25. a3 Na4 26. Ke4 Nc5+ 27. Kf5 Ne6 28. Rh8+ Kd7 29. c3 Ng7+ 30. Ke4 Ne6 31. f3 c5 32. Bf2 a6 33. Be3 b6 {in the game Anand,V (2770)-Karjakin,S (2766) Khanty-Mansiysk 2014.}) 14... Bxg5 {[%emt 0:04:25] An introduction to the very forced sequence.} 15. Bxg5 {[%emt 0:00:08]} Rg6 {[%emt 0:00:11]} 16. h4 {[%emt 0:00:57]} f6 {[%emt 0:00:29]} 17. exf6 {[%emt 0:00:21]} gxf6 {[%emt 0:00:07]} 18. Bf4 {[%emt 0:00:10]} Nxh4 {[%emt 0:00:41]} 19. f3 {[%emt 0:02:20]} Rd8 {[%emt 0:00:45]} 20. Kf2 {[%emt 0:01:08]} Rxd1 {[%emt 0:00:41]} 21. Nxd1 {[%emt 0:00:19]} Nf5 {[%emt 0:00:09]} 22. Rh1 {[%emt 0:00:48]} Bxa2 $1 {[%emt 0:01:15] The point.} ({After} 22... Ng7 23. Ne3 {[%cal Ge3g2,Gg2h4] the rook on g6 is in serious trouble.}) 23. Rxh5 {[%emt 0:00:13]} (23. b3 $2 Bb1) 23... Be6 {[%emt 0:00:12]} 24. g4 {[%emt 0:00:38]} (24. Bxc7 Rh6 {is just a draw.}) 24... Nd6 {[%emt 0:05:03]} 25. Rh7 {[%emt 0:01:18]} Nf7 {[%emt 0:10:27] Only this move is new, but in fact White's initiative is still quite nasty.} ({The previous game saw} 25... f5 26. g5 (26. Rxc7 $1 {might be what Magnus had in mind} Nb5 27. gxf5 Bxf5 28. Rxb7 Bxc2 29. Ne3 {there is not much material left, but Black is in trouble because of his weak king and White's marching f-pawn}) 26... Nf7 27. Rh5 Rg8 28. Kg3 Rh8 {led to an eventual draw in Giri,A (2768)-Radjabov,T (2726) Tashkent 2014.}) 26. Ne3 {[%emt 0:01:45] Black is a pawn up, but his position suffers from a serious lack of coordination; especially the rook on g6 is out of play.} Kd8 $146 {[%emt 0:08:54]} ({RR} 26... b6 27. Rh1 Kd7 28. b4 Rg8 29. Bg3 a5 30. Rd1+ Nd6 31. bxa5 bxa5 32. Bh4 Ke7 33. Rd4 Ra8 34. Rf4 Ne8 35. Ra4 Nd6 36. Rf4 Ne8 37. Ra4 Nd6 38. Ke2 c5 39. Be1 Nb7 40. Bc3 Rh8 41. Re4 {Motylev,A (2648)-Belyakov,B (2478) St Petersburg 2015 0-1 (45)}) ({RR} 26... b6 27. Ng2 Rg8 28. Bxc7 Rh8 29. Rxh8+ Nxh8 30. Ne3 Nf7 31. Bg3 Nh6 32. Bf4 Nf7 33. Bg3 Nh6 {½-½ (33) Anand,V (2803)-Giri,A (2778) London 2015}) 27. Nf5 {[%emt 0:01:47]} c5 {[%emt 0:05:33]} 28. Ng3 {[%emt 0:01:52] Around here Vishy sank into deep thought; his position is quite precarious.} Ne5 $1 {[%emt 0:27:31] When played, this looked like a major concession, but now I realise that, at least practically speaking, this must be the correct choice. Alternatives look scary over the board:} (28... Kd7 29. Nh5 Kc6 30. Be3 (30. Bxc7 Kxc7 31. Nf4 Rh6 32. Nxe6+ Kd6 33. Rxf7 Kxe6 34. Rxb7 Rh2+ 35. Ke3 Rxc2 $11) 30... Ba2 $3 {but clearly, nobody can see such lines over the board :)}) 29. Rh8+ {[%emt 0:24:53]} Rg8 {[%emt 0:09:25]} 30. Bxe5 {[%emt 0:04:26]} fxe5 {[%emt 0:00:16]} 31. Rh5 {[%emt 0:00:08]} Bxg4 $1 {[%emt 0:05:05]} (31... Rf8 32. Ke3 Bd5 33. Ne4 Bxe4 34. Kxe4 {might be just lost} Rf4+ 35. Ke3 Rb4 36. Rxe5 Rxb2 37. Rxc5) 32. fxg4 {[%emt 0:00:31]} Rxg4 {[%emt 0:00:05]} 33. Rxe5 {[%emt 0:00:30]} b6 {[%emt 0:02:06] I spent some time looking at this ending; most probably it's drawn; White's only chance is to go for c4, d5 and e7, but before that Magnus decides to shuffle around for a while.} 34. Ne4 {[%emt 0:00:26]} Rh4 {[%emt 0:01:28]} 35. Ke2 {[%emt 0:00:25]} Rh6 {[%emt 0:04:13]} 36. b3 {[%emt 0:01:48]} Kd7 {[%emt 0:00:31]} 37. Kd2 {[%emt 0:01:42]} Kc6 {[%emt 0:01:53]} 38. Nc3 {[%emt 0:02:15]} a6 {[%emt 0:03:01]} 39. Re4 {[%emt 0:00:49]} Rh2+ {[%emt 0:00:48]} 40. Kc1 {[%emt 0:00:00]} Rh1+ {[%emt 0:00:00]} 41. Kb2 {[%emt 0:00:34]} Rh6 {[%emt 0:04:49]} 42. Nd1 {[%emt 0:01:06]} Rg6 {[%emt 0:05:55]} 43. Ne3 {[%emt 0:00:34]} Rh6 {[%emt 0:01:09]} 44. Re7 {[%emt 0:04:29]} Rh2 {[%emt 0:02:44]} 45. Re6+ {[%emt 0:00:58]} Kb7 {[%emt 0:01:36]} 46. Kc3 {[%emt 0:12:38]} Rh4 {[%emt 0:04:57]} 47. Kb2 {[%emt 0:04:24]} (47. Kd3 {was a more direct try} Rd4+ (47... a5 48. c4 c6 49. Re7+) 48. Ke2 a5 49. c4 {and now Black has a choice:} Rh4 (49... c6 50. Nf5 Rf4 51. Re7+ Kb8 $1 (51... Ka6 52. Nd6 a4 53. Nc8) 52. Ne3 Rh4 53. Kd3 Rh3 54. Ke4 Rg3 55. Kf4 Rh3 {and suprisingly, even this might not be enough for a win:} 56. Rg7 b5 57. Re7 Rh2 58. Ke5 Rd2 59. Rg7 Re2 60. Ke4 Rb2) 50. Kd3 Rh3 51. Ke4 Rh4+ 52. Ke5 Rh2 53. Re7 Rb2 54. Nd5 Rxb3 55. Rxc7+ Ka6 $1 (55... Kb8 56. Kd6) 56. Rg7 a4 57. Nc7+ Ka5 58. Nd5 Ka6 {with a draw.}) 47... Rh2 {[%emt 0:02:33]} 48. Nd5 {[%emt 0:02:15]} Rd2 {[%emt 0:03:02]} 49. Nf6 {[%emt 0:01:20]} Rf2 {[%emt 0:00:12]} 50. Kc3 {[%emt 0:01:28]} Rf4 {[%emt 0:06:27]} 51. Ne4 {[%emt 0:04:36]} Rh4 {[%emt 0:05:58]} 52. Nf2 {[%emt 0:00:59]} Rh2 {[%emt 0:01:05]} 53. Rf6 {[%emt 0:00:29]} Rh7 {[%emt 0:02:15]} 54. Nd3 {[%emt 0:00:55]} Rh3 {[%emt 0:05:12]} 55. Kd2 {[%emt 0:00:45]} Rh2+ {[%emt 0:00:07]} 56. Rf2 {[%emt 0:00:26]} Rh4 {[%emt 0:00:06]} 57. c4 {[%emt 0:00:50]} Rh3 {[%emt 0:02:02]} 58. Kc2 {[%emt 0:00:37]} Rh7 {[%emt 0:00:07]} 59. Nb2 {[%emt 0:00:59]} Rh5 {[%emt 0:02:58]} 60. Re2 {[%emt 0:00:00]} Rg5 {[%emt 0:00:00]} 61. Nd1 {[%emt 0:04:31]} b5 $5 {[%emt 0:04:54] Vishy changes his tactics and does not even let the knight on to d5 any more.} 62. Nc3 {[%emt 0:02:01]} (62. Nb2 Kb6 63. Nd3 c6 64. Kc3 Rg3 {does not change much.}) 62... c6 {[%emt 0:01:37]} 63. Ne4 {[%emt 0:03:16]} Rh5 {[%emt 0:00:46]} 64. Nf6 {[%emt 0:01:35]} Rg5 {[%emt 0:06:30]} 65. Re7+ {[%emt 0:15:33]} Kb6 {[%emt 0:00:16]} 66. Nd7+ {[%emt 0:12:36]} Ka5 {[%emt 0:00:12]} 67. Re4 {[%emt 0:01:29]} Rg2+ {[%emt 0:08:09]} 68. Kc1 {[%emt 0:02:59]} (68. Kc3 b4+ 69. Kd3 Rd2+ $1 70. Kxd2 {would have a picturesque finale.}) 68... Rg1+ {[%emt 0:01:10]} 69. Kd2 {[%emt 0:00:23]} Rg2+ {[%emt 0:00:34]} 70. Ke1 {[%emt 0:00:37]} bxc4 $1 {[%emt 0:08:48]} 71. Rxc4 {[%emt 0:01:24]} Rg3 {[%emt 0:02:22]} 72. Nxc5 {[%emt 0:00:45]} Kb5 {[%emt 0:00:06] A very nice idea. White's knight on c5 is not stable, so he can't hold on to his last pawn much longer.} 73. Rc2 {[%emt 0:00:20]} a5 {[%emt 0:02:54]} 74. Kf2 {[%emt 0:03:41]} Rh3 {[%emt 0:00:17]} 75. Rc1 {[%emt 0:00:12]} Kb4 {[%emt 0:00:31]} 76. Ke2 {[%emt 0:00:36]} Rc3 {[%emt 0:00:56]} 77. Nd3+ {[%emt 0:01:22]} Kxb3 {[%emt 0:00:07] And the remaining moves can be skipped with a clear conscience.} 78. Ra1 {[%emt 0:00:06]} Kc4 {[%emt 0:02:29]} 79. Nf2 {[%emt 0:02:24]} Kb5 {[%emt 0:00:30]} 80. Rb1+ {[%emt 0:00:22]} Kc4 {[%emt 0:00:59]} 81. Ne4 {[%emt 0:00:31]} Ra3 {[%emt 0:00:38]} 82. Nd2+ {[%emt 0:00:30]} Kd5 {[%emt 0:00:19]} 83. Rh1 {[%emt 0:00:13]} a4 {[%emt 0:00:34]} 84. Rh5+ {[%emt 0:00:06]} Kd4 {[%emt 0:00:51]} 85. Rh4+ {[%emt 0:00:13]} Kc5 {[%emt 0:00:00]} 86. Kd1 {[%emt 0:00:23]} Kb5 {[%emt 0:01:02]} 87. Kc2 {[%emt 0:00:27]} Rg3 {[%emt 0:01:37]} 88. Ne4 {[%emt 0:00:23]} Rg2+ {[%emt 0:00:06]} 89. Kd3 {[%emt 0:00:07]} a3 {[%emt 0:00:11]} 90. Nc3+ {[%emt 0:00:14]} Kb6 {[%emt 0:00:08]} 91. Ra4 {[%emt 0:00:24]} a2 {[%emt 0:00:13]} 92. Nxa2 {[%emt 0:00:10]} Rg3+ {[%emt 0:00:06]} 93. Kc2 {[%emt 0:00:06]} Rg2+ {[%emt 0:00:05]} 94. Kb3 {[%emt 0:00:05]} Rg3+ {[%emt 0:00:14]} 95. Nc3 {[%emt 0:00:05]} Rh3 {[%emt 0:00:14]} 96. Rb4+ {[%emt 0:00:12]} Kc7 {[%emt 0:00:07]} 97. Rg4 {[%emt 0:00:06]} Rh7 {[%emt 0:00:33]} 98. Kc4 {[%emt 0:00:06]} Rf7 {[%emt 0:00:15]} 99. Rg5 {[%emt 0:00:28]} Kb6 {[%emt 0:00:37]} 100. Na4+ {[%emt 0:00:09]} Kc7 {[%emt 0:00:06]} 101. Kc5 {[%emt 0:00:10]} Kd7 {[%emt 0:00:37]} 102. Kb6 {[%emt 0:00:59]} Rf1 {[%emt 0:00:19]} 103. Nc5+ {[%emt 0:00:08]} Ke7 {[%emt 0:00:11]} 104. Kxc6 {[%emt 0:00:08]} Rd1 {[%emt 0:00:08]} 105. Rg6 {[%emt 0:00:48]} Kf7 {[%emt 0:00:19]} 106. Rh6 {[%emt 0:00:16]} Rg1 {[%emt 0:00:13]} 107. Kd5 {[%emt 0:00:18]} Rg5+ {[%emt 0:00:08]} 108. Kd4 {[%emt 0:00:05]} Rg6 {[%emt 0:00:09]} 109. Rh1 {[%emt 0:00:20]} Rg2 {[%emt 0:00:23]} 110. Ne4 {[%emt 0:00:10]} Ra2 {[%emt 0:00:23]} 111. Rf1+ {[%emt 0:00:17]} Ke7 {[%emt 0:00:13]} 112. Nc3 {[%emt 0:00:10]} Rh2 {[%emt 0:00:33]} 113. Nd5+ {[%emt 0:00:06]} Kd6 {[%emt 0:00:10]} 114. Rf6+ {[%emt 0:00:06]} Kd7 {[%emt 0:00:06]} 115. Nf4 {[%emt 0:01:37]} Rh1 {[%emt 0:00:17]} 116. Rg6 {[%emt 0:00:25]} Rd1+ {[%emt 0:00:13]} 117. Nd3 {[%emt 0:00:08]} Ke7 {[%emt 0:00:23]} 118. Ra6 {[%emt 0:00:29]} Kd7 {[%emt 0:00:12]} 119. Ke4 {[%emt 0:00:14]} Ke7 {[%emt 0:00:07]} 120. Rc6 {[%emt 0:02:12]} Kd7 {[%emt 0:00:14]} 121. Rc1 {[%emt 0:00:07]} Rxc1 {[%emt 0:00:05]} 122. Nxc1 {[%emt 0:00:02]} 1/2-1/2

[Event "Tata Steel-A 77th"]
[Site "Wijk aan Zee"]
[Date "2015.01.17"]
[Round "7"]
[White "Carlsen, Magnus"]
[Black "Hou, Yifan"]
[Result "1-0"]
[WhiteElo "2862"]
[BlackElo "2673"]
[PlyCount "107"]
[EventDate "2015.01.10"]
[EventType "tourn"]
[EventRounds "13"]
[EventCountry "NED"]
[EventCategory "20"]
[SourceTitle "CBM 165"]
[Source "ChessBase"]
[SourceDate "2015.03.11"]
[SourceVersion "1"]
[SourceVersionDate "2015.03.11"]
[SourceQuality "1"]

1. e4 c5 2. Nf3 Nc6 3. d4 cxd4 4. Nxd4 e5 5. Nb5 d6 6. c4 Be7 7. N1c3 a6 8. Na3 Be6 9. Nc2 Bg5 10. Be2 Bxc1 11. Rxc1 Nf6 12. O-O O-O 13. Qd2 Qb6 14. Rfd1 Rfd8 15. b3 h6 ({RR} 15... Rac8 16. Qe3 Qxe3 17. Nxe3 Nd4 18. Kf1 Kf8 19. Nc2 Nxc2 20. Rxc2 Ke7 21. Rcc1 Rc6 22. f3 Rdc8 23. a4 Nd7 24. Kf2 a5 25. Rd2 Nc5 26. Bd1 Rb6 27. Nb5 f5 28. exf5 Bxf5 29. Rc3 Rf8 30. Bc2 {Svetushkin,D (2588)-Bacrot,E (2705) Calvi 2013 ½-½ (47)}) ({RR} 15... Rac8 16. h3 h6 17. Ne3 Nd4 18. Nc2 Nc6 19. Ne3 Kf8 20. Bg4 Qa5 21. Bxe6 fxe6 22. Ng4 Nxg4 23. hxg4 Rc7 24. Qe3 Nd4 25. g5 Kg8 26. gxh6 Rf8 {½-½ (26) Alarcia Astiz,C (2273)-Moreno Ruiz,J (2422) Madrid 2022}) 16. h3 $146 ({RR} 16. Bd3 Rac8 17. h3 Qa7 18. Kh2 {½-½ (18) Videki,S (2385)-Varga,Z (2475) Balatonbereny 1993}) 16... Qa7 17. Bf3 Ne7 18. Ne3 Nc6 19. Bg4 Nd4 20. Bxe6 fxe6 21. Nc2 Nxc2 22. Rxc2 Rd7 23. Qe2 Rad8 24. Rd3 Qc5 25. Na4 Qc6 26. Re3 b6 27. Nb2 Rf7 28. Rd2 Nd7 29. Nd3 a5 30. Nb2 Nc5 31. Nd1 Rdf8 32. Qe1 Rd8 33. Nc3 Rfd7 34. Qd1 Na6 35. Qh5 Nc7 36. Rg3 Kh8 37. Rdd3 Re7 38. Rg6 Qe8 39. Rdg3 Rdd7 40. Nd1 Rf7 41. Qe2 Rf4 42. Qe3 b5 43. Nb2 Rdf7 44. c5 Qc6 45. Nd3 b4 46. Qe2 Rh4 47. R6g4 Rxg4 48. Qxg4 Kg8 49. Qh5 Nb5 50. Rg4 Nc3 51. Qxh6 Nxe4 52. Qxe6 Nxf2 53. Nxe5 Nxh3+ 54. Kh2 1-0

[Event "Tata Steel-A 77th"]
[Site "Wijk aan Zee"]
[Date "2015.01.20"]
[Round "9"]
[White "Carlsen, Magnus"]
[Black "Radjabov, Teimour"]
[Result "1-0"]
[WhiteElo "2862"]
[BlackElo "2734"]
[Annotator "ChessBase"]
[PlyCount "79"]
[EventDate "2015.01.10"]
[EventType "tourn"]
[EventRounds "13"]
[EventCountry "NED"]
[EventCategory "20"]
[SourceTitle "CBM 165"]
[Source "ChessBase"]
[SourceDate "2015.03.11"]
[SourceVersion "1"]
[SourceVersionDate "2015.03.11"]
[SourceQuality "1"]

1. e4 e5 2. Nf3 Nc6 3. Bb5 Nf6 4. d3 {An Anti-Berlin that has done well this tournament. MVL beat Giri with it.} Bc5 5. O-O d6 6. Nbd2 O-O 7. Bxc6 bxc6 8. h3 h6 {The game will be quite strategical. White has the structural advantage but Black can remain solid and in the long run he has the pair of bishops.} 9. Re1 Re8 10. Nf1 a5 11. Ng3 Rb8 12. b3 $146 ({RR} 12. a4 d5 13. exd5 Qxd5 14. b3 e4 15. dxe4 Nxe4 16. Nxe4 Rxe4 17. Bd2 Bb6 18. c4 Qf5 19. Rxe4 Qxe4 20. Qe1 Bf5 21. Bxa5 Bxa5 22. Qxa5 Bxh3 23. Qc3 Rd8 24. Qe3 Bf5 25. a5 Qg4 26. a6 Be4 {Anurag,M (2393)-Sangma,R (2285) Nagpur 2015 ½-½ (39)}) 12... Bb4 13. Bd2 Ra8 $6 {Black's last few moves are difficult to understand. Now White gets a slight edge by building up his center.} 14. c3 Bc5 15. d4 Bb6 (15... exd4 16. cxd4 Bb6 {changes the character of the position to something more agreeable with the pair of bishops, but it still looks more pleasant to be White.}) 16. dxe5 dxe5 17. c4 Nh7 18. Qe2 Nf8 19. Be3 c5 {Even though this is (some) engines recommendation and the move that Radjabov chose... it is so painful to see this bishop on b6 trapped as it is.} (19... Bxe3 20. Qxe3 Qe7 {at least there is no entombed bishop on b6 here.}) 20. Rad1 Qf6 21. Nh5 Qe7 22. Nh2 {White starts a slow but standard attack on the kingside. And why not? It's not like Radjabov's pieces on the queenside are doing much at the moment.} Kh7 23. Qf3 f6 (23... a4 24. Ng4 Ng6 {was a better choice, probably.}) 24. Ng4 {Already White threatens nasty sacrifices} Bxg4 (24... a4 25. Ngxf6+ gxf6 26. Nxf6+ Kg6 27. Nxe8 Qxe8 28. Rd5 {with a strong attack.}) 25. Qxg4 Red8 $2 (25... g6 $1 {Black absolutely needed to take control over some lightsquares!}) 26. Qf5+ Kh8 27. f4 Rxd1 28. Rxd1 exf4 29. Bxf4 Qe6 30. Rd3 Re8 {Missing White's blow, but Radjabov's position was already delicate.} 31. Nxg7 $1 Kxg7 32. Qh5 {Black cannot hope to hold his kingside together, much less with that bishop stuck on b6.} Nh7 33. Bxh6+ Kh8 34. Qg6 Qg8 35. Bg7+ Qxg7 36. Qxe8+ {The rest is easy. For all practical purposes White is up the echange.} Qf8 37. Qe6 Qh6 38. e5 Qc1+ 39. Kh2 Qf4+ 40. Rg3 1-0